| 000 | 01345nam a2200217Ia 4500 | ||
|---|---|---|---|
| 003 | Ost | ||
| 005 | 20260507075300.0 | ||
| 008 | 260507s9999||||xx |||||||||||||| ||und|| | ||
| 040 | _cfsecg | ||
| 041 | _aara | ||
| 082 | _a330 | ||
| 100 |
_aمنديل، اسعد فاضل _eمؤلف |
||
| 245 | 0 |
_aأحكام عقد التحكيم و اجراءاته : _bدراسة مقارنة / _c اسعد فاضل منديل |
|
| 260 |
_a[دون مكان]: _bمنشورات زين الحقوقية, _c2011 |
||
| 300 |
_a300 صفحة؛ _c25 سم |
||
| 520 | _aمفهوم اتفاق التحكيم و التأصيل التاريخي له و تمييزه عن غيره و الطبيعة القانونية له ، نطاق اتفاق التحكيم ، شروطه و أنواعه ، اختيار المحكمين و تعينهم وواجبات المحكم و حقوقه ، تنحي المحكم و عزله و مسؤولية المحكم عن أخطائه ، المبادئ الأساسية للمرافعة أمام المحكمين و الأحوال الطارئة على هذه المرافعة ، كيفية إصدار قرار المحكمين و تنفيذ هذا القرار و الطعن بهذه القرارات . | ||
| 653 | _aالإجراءات القانونية | ||
| 653 | _aالتحكيم | ||
| 653 | _aالعقود | ||
| 942 | _cكتاب | ||
| 999 |
_c43786 _d43786 |
||